[Event "VII Memorial Alvise Zichichi"]
[Site "Ladispoli ITA"]
[Date "2009.09.19"]
[Round "1"]
[White "Parrini, Daniele"]
[Black "Piccolo, Giuseppe"]
[Result "1-0"]
[WhiteElo "2022"]
[BlackElo "1675"]
[PlyCount "49"]
[EventDate "2009.09.19"]

1. e4 e5 2. Bc4 Nf6 3. d3 Bc5 4. Nf3 Nc6 5. c3 d6 6. Bb3 O-O 7. Bg5 Be6 8. Bc2
h6 9. Bh4 d5 10. Nbd2 d4 11. O-O Be7 12. cxd4 Nxd4 13. Nxe5 Qd6 14. Ndc4 Bxc4
15. Nxc4 Qc5 16. Rc1 b5 17. Ne3 Qd6 18. Bg3 Qd7 19. Bb3 c6 20. Be5 Rad8 21.
Bxd4 Qxd4 22. Nf5 Qd7 23. Rxc6 Bb4 24. Rxf6 gxf6 25. Qg4+ 1-0

[Event "VII Memorial Alvise Zichichi"]
[Site "Ladispoli ITA"]
[Date "2009.09.19"]
[Round "1"]
[White "Placchetta, Omero"]
[Black "Trebeschi, Andrea"]
[Result "0-1"]
[WhiteElo "1719"]
[BlackElo "2042"]
[PlyCount "84"]
[EventDate "2009.09.19"]

1. e4 d6 2. d4 Nf6 3. Nc3 g6 4. Be2 c6 5. Bg5 Bg7 6. Bxf6 Bxf6 7. Nf3 Bg4 8. e5
Bxf3 9. Bxf3 dxe5 10. d5 O-O 11. Ne4 Bg7 12. d6 exd6 13. Qxd6 Qxd6 14. Nxd6 b6
15. O-O-O f5 16. Be2 b5 17. Nb7 Na6 18. Rd7 Rf7 19. Rxf7 Kxf7 20. Rd1 Bf8 21.
Nd8+ Kf6 22. Nxc6 Nb4 23. Nxb4 Bxb4 24. Bxb5 Bc5 25. f3 Be3+ 26. Kb1 Rb8 27.
Ba4 h5 28. Bb3 Kg5 29. g3 h4 30. Rd3 Bf2 31. Rd2 hxg3 32. hxg3 Bxg3 33. c3 Kf4
34. Bd1 Be1 35. Rd3 g5 36. Kc2 e4 37. fxe4 fxe4 38. Rd7 a5 39. Rf7+ Ke3 40. Rf5
Rg8 41. Bg4 a4 42. Rf1 Bf2 0-1

[Event "VII Memorial Alvise Zichichi"]
[Site "Ladispoli ITA"]
[Date "2009.09.19"]
[Round "1"]
[White "Sarti, Emanuele"]
[Black "Mecali, Antonello"]
[Result "1/2-1/2"]
[WhiteElo "1431"]
[BlackElo "1826"]
[PlyCount "32"]
[EventDate "2009.09.19"]

1. e4 c5 2. Nf3 d6 3. Nc3 Nc6 4. d4 cxd4 5. Nxd4 a6 6. Be2 Nf6 7. Nxc6 bxc6 8.
e5 dxe5 9. Qxd8+ Kxd8 10. Be3 Kc7 11. O-O-O e6 12. Na4 Nd7 13. Rd3 Be7 14. Bf3
f5 15. Rc3 e4 16. Be2 Bf6 1/2-1/2

[Event "VII Memorial Alvise Zichichi"]
[Site "Ladispoli ITA"]
[Date "2009.09.19"]
[Round "1"]
[White "Vertechi, Pietro"]
[Black "Antonetti, Mattia"]
[Result "1-0"]
[WhiteElo "1959"]
[BlackElo "1592"]
[PlyCount "101"]
[EventDate "2009.09.19"]

1. d4 Nf6 2. c4 g6 3. Nc3 Bg7 4. e4 d6 5. f3 O-O 6. Be3 c6 7. Qd2 e5 8. Nge2
exd4 9. Nxd4 Re8 10. O-O-O d5 11. Nc2 Qe7 12. cxd5 cxd5 13. exd5 Bf5 14. Bh6
Bxc2 15. Kxc2 Bxh6 16. Qxh6 Rd8 17. Bc4 Qc5 18. Bb3 b5 19. Kb1 a5 20. Qf4 Nbd7
21. d6 Qe5 22. Qxe5 Nxe5 23. Nxb5 a4 24. Bc2 Nc4 25. Rhe1 Ra5 26. Bd3 Nxd6 27.
Bc4 Nb7 28. Rxd8+ Nxd8 29. a3 Kf8 30. Nc3 Rc5 31. Bb5 Ne6 32. Bxa4 h5 33. Ne4
Re5 34. Bc2 Nc5 35. b4 Nb7 36. Rd1 Nd5 37. Kb2 f5 38. Nc3 Ne3 39. Rd7 Nc4+ 40.
Kb3 Ncd6 41. a4 h4 42. Bd3 Ke8 43. Rh7 g5 44. Rg7 Nf7 45. Bc4 Nbd6 46. Bxf7+
Nxf7 47. a5 Re6 48. b5 Kf8 49. Rxf7+ Kxf7 50. b6 Rc6 51. b7 1-0

[Event "VII Memorial Alvise Zichichi"]
[Site "Ladispoli ITA"]
[Date "2009.09.19"]
[Round "1"]
[White "Vuelban, Virgilio"]
[Black "Attanasi, Salvatore"]
[Result "1-0"]
[WhiteElo "2405"]
[BlackElo "1822"]
[PlyCount "72"]
[EventDate "2009.09.19"]

1. e4 e6 2. d4 d5 3. Nc3 Nf6 4. Bg5 Bb4 5. e5 h6 6. Bd2 Bxc3 7. bxc3 Ne4 8. Qg4
Kf8 9. Bd3 Nxd2 10. Kxd2 Qg5+ 11. Qxg5 hxg5 12. Nh3 f6 13. f4 g4 14. Nf2 f5 15.
h3 gxh3 16. Nxh3 Nc6 17. Ng5 Rxh1 18. Rxh1 Kg8 19. g4 Ne7 20. gxf5 Nxf5 21.
Bxf5 exf5 22. e6 a5 23. Nf7 Kf8 24. Rh8+ Ke7 25. Ng5 b6 26. Rg8 Bb7 27. Rxg7+
Kd6 28. Rd7+ Kc6 29. Rf7 Re8 30. Rxf5 Bc8 31. Re5 Kd6 32. f5 c6 33. f6 Bxe6 34.
f7 Bxf7 35. Nxf7+ Kd7 36. Rxe8 Kxe8 1-0

[Event "VII Memorial Alvise Zichichi"]
[Site "Ladispoli ITA"]
[Date "2009.09.19"]
[Round "2"]
[White "Antonetti, Mattia"]
[Black "Iacoacci, Giancarlo"]
[Result "1/2-1/2"]
[WhiteElo "1592"]
[BlackElo "1820"]
[PlyCount "125"]
[EventDate "2009.09.19"]

1. Nf3 d5 2. b3 h6 3. Bb2 Bf5 4. e3 Nd7 5. Be2 e6 6. d3 Ngf6 7. Nbd2 Be7 8. c4
c6 9. O-O O-O 10. cxd5 exd5 11. Re1 Re8 12. Nd4 Bg6 13. Qc2 Bb4 14. a3 Ba5 15.
b4 Bb6 16. N2b3 Rc8 17. Nc5 Nxc5 18. bxc5 Bc7 19. Red1 Qe7 20. Nf3 Ng4 21. Qc3
f6 22. d4 f5 23. h3 Nf6 24. Qe1 f4 25. Bc1 Nh5 26. Ra2 b6 27. Ba6 Rb8 28. cxb6
axb6 29. Re2 Qf6 30. Bd3 fxe3 31. Bxe3 Bxd3 32. Rxd3 Bf4 33. Qc1 Rbc8 34. Rc2
Qg6 35. Rb3 Bxe3 36. fxe3 Ng3 37. Ne5 Qe4 38. Rxb6 c5 39. Kh2 Nf1+ 40. Kg1 Nxe3
41. Re2 cxd4 42. Nc6 d3 43. Rf2 d4 44. Rb4 Rxc6 45. Qb2 Nd1 46. Qb3+ Rce6 47.
Qxd1 Qe1+ 48. Qxe1 Rxe1+ 49. Kh2 R1e2 50. Rf4 R2e4 51. Rxd4 Rxf4 52. Rxf4 Rd8
53. Rf1 d2 54. Rd1 Rd3 55. Kg1 Rxa3 56. Rxd2 Ra7 57. Kf2 Kh7 58. g4 Kg6 59. Rd3
Kg5 60. Kg3 Kf6 61. Rf3+ Kg6 62. Kh4 Ra5 63. Kg3 1/2-1/2

[Event "VII Memorial Alvise Zichichi"]
[Site "Ladispoli ITA"]
[Date "2009.09.19"]
[Round "2"]
[White "Attanasi, Salvatore"]
[Black "Guanciale, Orazio"]
[Result "0-1"]
[WhiteElo "1822"]
[BlackElo "2155"]
[PlyCount "48"]
[EventDate "2009.09.19"]

1. e4 e6 2. d4 d5 3. e5 c5 4. c3 Qb6 5. Nf3 Nc6 6. a3 a5 7. Be2 a4 8. O-O Nh6
9. dxc5 Bxc5 10. Qc2 Ng4 11. Bd3 Ngxe5 12. Nxe5 Nxe5 13. Nd2 Bd7 14. c4 Rc8 15.
Qb1 Bxf2+ 16. Kh1 dxc4 17. Be4 Ng4 18. h3 h5 19. Bf3 f5 20. Ne4 Qc7 21. g3 fxe4
22. Qxe4 Qxg3 23. Qg6+ Kf8 24. Bxg4 Bc6+ 0-1

[Event "VII Memorial Alvise Zichichi"]
[Site "Ladispoli ITA"]
[Date "2009.09.19"]
[Round "2"]
[White "Bruno, Antonino"]
[Black "Arabito, Giuseppe"]
[Result "0-1"]
[WhiteElo "1509"]
[BlackElo "1904"]
[PlyCount "102"]
[EventDate "2009.09.19"]

1. e4 g6 2. Nf3 Bg7 3. d4 d6 4. Be2 Nf6 5. Nc3 O-O 6. Bg5 c6 7. Qd2 Qc7 8. Bh6
b5 9. Bxg7 Kxg7 10. a3 a6 11. Qf4 e5 12. dxe5 dxe5 13. Qxe5 Qxe5 14. Nxe5 Re8
15. f4 Bb7 16. Bd3 c5 17. b3 b4 18. axb4 cxb4 19. Na4 Nxe4 20. O-O f6 21. Nc4
Nd7 22. Rfe1 Ndc5 23. Nxc5 Nxc5 24. Nd6 Rxe1+ 25. Rxe1 Nxd3 26. cxd3 Bd5 27.
Re7+ Kh6 28. Nc4 Rd8 29. Ra7 Bg8 30. Rxa6 Rxd3 31. Na5 Bxb3 32. Rb6 Bd5 33.
Rxb4 Rd1+ 34. Kf2 Rd2+ 35. Ke3 Rxg2 36. Rb5 Ba2 37. h4 f5 38. Kf3 Rg1 39. Nc6
Rg4 40. Ne5 Rxh4 41. Kg3 Rh1 42. Rb2 Bd5 43. Nf3 Bxf3 44. Kxf3 Rh3+ 45. Kg2 Re3
46. Kf2 Rh3 47. Kg2 Rc3 48. Rb1 Kh5 49. Rh1+ Kg4 50. Rxh7 Rc2+ 51. Kf1 Kxf4 0-1

[Event "VII Memorial Alvise Zichichi"]
[Site "Ladispoli ITA"]
[Date "2009.09.19"]
[Round "2"]
[White "Cavaterra, Umberto"]
[Black "Gerlando, Onofrio"]
[Result "1-0"]
[WhiteElo "1801"]
[BlackElo "1627"]
[PlyCount "129"]
[EventDate "2009.09.19"]

1. e4 e5 2. Nf3 Nc6 3. Bb5 Nge7 4. O-O a6 5. Ba4 h6 6. c3 b5 7. Bc2 Ng6 8. d4
d6 9. d5 Na5 10. a4 c5 11. dxc6 Nxc6 12. axb5 Nb8 13. bxa6 Rxa6 14. Rxa6 Nxa6
15. b4 Be7 16. Ba4+ Bd7 17. Bxd7+ Qxd7 18. Qd3 Qb7 19. Be3 O-O 20. Nbd2 Rc8 21.
Ra1 Ra8 22. b5 Nc7 23. Rxa8+ Qxa8 24. c4 Ne6 25. g3 Ngf8 26. Kg2 Nd7 27. Ng1
Nec5 28. Qc2 f5 29. f3 fxe4 30. Nxe4 Nxe4 31. Qxe4 Qa2+ 32. Kh3 Nf6 33. Qd3 Nh7
34. Ne2 Qa8 35. Qd5+ Qxd5 36. cxd5 Nf6 37. b6 Nd7 38. b7 Kf8 39. Ba7 Kf7 40.
b8=Q Nxb8 41. Bxb8 Ke8 42. Nc3 Kd7 43. Ne4 Bf8 44. Kg4 Be7 45. Kf5 h5 46. h4
Bf8 47. Kg6 Kc8 48. Bxd6 Bxd6 49. Nxd6+ Kd7 50. Nc4 Ke7 51. Kxg7 Kd7 52. Kf6
Kd8 53. Kxe5 Ke7 54. d6+ Kd8 55. f4 Ke8 56. f5 Kd8 57. f6 Ke8 58. Ke6 Kd8 59.
f7 Kc8 60. f8=Q+ Kb7 61. d7 Kc6 62. Qd6+ Kb5 63. Qb6+ Ka4 64. Ne5 Ka3 65. d8=R
1-0

[Event "VII Memorial Alvise Zichichi"]
[Site "Ladispoli ITA"]
[Date "2009.09.19"]
[Round "2"]
[White "Fasulo, Marco"]
[Black "Sarti, Emanuele"]
[Result "0-1"]
[WhiteElo "1616"]
[BlackElo "1431"]
[PlyCount "48"]
[EventDate "2009.09.19"]

1. e4 d5 2. exd5 Nf6 3. c4 e6 4. dxe6 Bxe6 5. d4 Bb4+ 6. Nc3 O-O 7. a3 Bxc3+ 8.
bxc3 Re8 9. Be3 Ng4 10. Bd3 Nxe3 11. fxe3 Qg5 12. e4 Qxg2 13. Qf3 Qb2 14. Rb1
Qxc3+ 15. Kd1 Qxd4 16. Ne2 Qd7 17. Ke1 Nc6 18. Rg1 Ne5 19. Qf6 Nxd3+ 20. Kd2
Ne5+ 21. Ke3 Ng4+ 22. Rxg4 Bxg4 23. Qf4 Rad8 24. Rg1 Qd3+ 0-1

[Event "VII Memorial Alvise Zichichi"]
[Site "Ladispoli ITA"]
[Date "2009.09.19"]
[Round "2"]
[White "Gasperoni, Claudio"]
[Black "Marta, Daniele"]
[Result "1/2-1/2"]
[WhiteElo "1770"]
[BlackElo "2056"]
[PlyCount "52"]
[EventDate "2009.09.19"]

1. d4 Nf6 2. Nf3 g6 3. c4 Bg7 4. Nc3 O-O 5. e4 d6 6. Be2 e5 7. d5 a5 8. Bg5 h6
9. Bh4 Na6 10. Nd2 Qe8 11. Rb1 Nh7 12. b3 f5 13. f3 f4 14. a3 g5 15. Bf2 Qg6
16. b4 axb4 17. axb4 h5 18. c5 g4 19. Nc4 gxf3 20. Bxf3 Bg4 21. cxd6 cxd6 22.
Nb5 Rfd8 23. Nb6 Rab8 24. h3 Bd7 25. Nxd7 Rxd7 26. Qe2 Nf6 1/2-1/2

[Event "VII Memorial Alvise Zichichi"]
[Site "Ladispoli ITA"]
[Date "2009.09.19"]
[Round "2"]
[White "Luzi, Alessandro"]
[Black "Giuliano, Alberto"]
[Result "0-1"]
[WhiteElo "1917"]
[BlackElo "1786"]
[PlyCount "112"]
[EventDate "2009.09.19"]

1. e4 e6 2. d4 d5 3. Nc3 dxe4 4. Nxe4 Nd7 5. Nf3 Ngf6 6. Ng3 c5 7. c3 cxd4 8.
Nxd4 a6 9. Be2 Be7 10. O-O O-O 11. Qc2 Qc7 12. Re1 b5 13. Bf3 Bb7 14. Bxb7 Qxb7
15. Qb3 Nc5 16. Qc2 Rfe8 17. h3 Rac8 18. Be3 Nd5 19. Bd2 Bf6 20. Nf3 g6 21.
Rad1 Bg7 22. Ne5 Qb8 23. Nd3 a5 24. Nxc5 Rxc5 25. Ne4 Rc6 26. Bg5 Rec8 27. Qd3
b4 28. cxb4 Qxb4 29. b3 f5 30. Ng3 Qb6 31. Ne2 h6 32. Bf4 Rc2 33. Rc1 Nxf4 34.
Rxc2 Nxd3 35. Rxc8+ Kf7 36. Rf1 Bd4 37. Nxd4 Qxd4 38. Rc4 Qe5 39. Rd1 Qe2 40.
Rf1 Qxa2 41. Ra4 Qd2 42. Rc4 Kf6 43. Rc8 Qb2 44. Rf8+ Ke5 45. Rb8 a4 46. Rb5+
Kf6 47. bxa4 Qa3 48. Ra5 Nb2 49. Rc1 Qb4 50. Ra6 Nxa4 51. Rcc6 Nc5 52. Rab6
Qe1+ 53. Kh2 Nd3 54. f3 Nf4 55. Rc4 Nxg2 56. Rcc6 Nf4 0-1

[Event "VII Memorial Alvise Zichichi"]
[Site "Ladispoli ITA"]
[Date "2009.09.19"]
[Round "2"]
[White "Mecali, Antonello"]
[Black "Masciolini, Giovanni"]
[Result "1/2-1/2"]
[WhiteElo "1826"]
[BlackElo "1583"]
[PlyCount "56"]
[EventDate "2009.09.19"]

1. c4 e6 2. Nf3 Nf6 3. g3 d5 4. cxd5 exd5 5. Bg2 Be7 6. O-O O-O 7. d4 c6 8. Nc3
Bf5 9. Re1 Nbd7 10. Nh4 Be6 11. Qc2 Re8 12. Nf5 Bf8 13. Bd2 g6 14. Nh4 Bg7 15.
e3 Nf8 16. Na4 N8d7 17. Bb4 Rc8 18. Rac1 Ne4 19. b3 Bf8 20. Bxf8 Kxf8 21. Re2
Qa5 22. Nc3 Nxc3 23. Qxc3 Qxc3 24. Rxc3 Nf6 25. Nf3 Ne4 26. Rc1 Bf5 27. Nd2
Nxd2 28. Rxd2 Be4 1/2-1/2

[Event "VII Memorial Alvise Zichichi"]
[Site "Ladispoli ITA"]
[Date "2009.09.19"]
[Round "2"]
[White "Messina, Roberta"]
[Black "Caprio, Guido"]
[Result "0-1"]
[WhiteElo "1895"]
[BlackElo "2184"]
[PlyCount "58"]
[EventDate "2009.09.19"]

1. e4 c5 2. Nf3 d6 3. d4 cxd4 4. Qxd4 a6 5. c4 Nc6 6. Qd2 g6 7. b3 Nf6 8. Nc3
Bg7 9. Bb2 Qa5 10. Rb1 O-O 11. Be2 b5 12. cxb5 axb5 13. Nxb5 Qxa2 14. Bd3 Ba6
15. Bxf6 Qxd2+ 16. Nxd2 Bxf6 17. Bc4 Rfb8 18. Nc7 Bxc4 19. Nxc4 Bc3+ 20. Ke2
Ra2+ 21. Kd3 Bg7 22. Rhf1 e6 23. Ke3 Ra7 24. Nxe6 fxe6 25. Nxd6 Bd4+ 26. Kf3
Rf8+ 27. Ke2 Ra2+ 28. Kd3 Bc5 29. Nc4 Nb4+ 0-1

[Event "VII Memorial Alvise Zichichi"]
[Site "Ladispoli ITA"]
[Date "2009.09.19"]
[Round "2"]
[White "Messina, Salvatore"]
[Black "Rampini, Carlo"]
[Result "0-1"]
[WhiteElo "1524"]
[BlackElo "1820"]
[PlyCount "88"]
[EventDate "2009.09.19"]

1. d4 Nf6 2. c4 g6 3. Nc3 Bg7 4. e4 d6 5. f3 O-O 6. Bf4 Nbd7 7. d5 a5 8. Qd2
Nc5 9. Nge2 e5 10. Be3 h5 11. Bxc5 dxc5 12. h3 Nh7 13. O-O-O f5 14. exf5 gxf5
15. g4 Ra6 16. Kb1 h4 17. gxf5 Bxf5+ 18. Ne4 a4 19. a3 Ng5 20. Qe3 Bxe4+ 21.
fxe4 Rf3 22. Qc1 Kh8 23. Nc3 Rf4 24. Bg2 Nf7 25. Rhg1 Nd6 26. Ne2 Rf7 27. Rdf1
Rb6 28. Rxf7 Nxf7 29. Nc3 Rf6 30. Nxa4 b6 31. Rf1 Bh6 32. Qd1 Bf4 33. Nc3 Rg6
34. Bf3 Nd6 35. b3 Rg3 36. Rg1 Qg5 37. Ne2 Be3 38. Rxg3 hxg3 39. Ng1 b5 40.
cxb5 Nxb5 41. Kb2 Bxg1 42. Qxg1 Qd2+ 43. Ka1 Nc3 44. Qg2 Qc1# 0-1

[Event "VII Memorial Alvise Zichichi"]
[Site "Ladispoli ITA"]
[Date "2009.09.19"]
[Round "2"]
[White "Palermo, Stefano"]
[Black "Vertechi, Pietro"]
[Result "1-0"]
[WhiteElo "2060"]
[BlackElo "1959"]
[PlyCount "95"]
[EventDate "2009.09.19"]

1. e4 e6 2. d4 d5 3. Nc3 Bb4 4. e5 c5 5. a3 Bxc3+ 6. bxc3 Ne7 7. Qg4 O-O 8. Bd3
Nbc6 9. Qh5 Ng6 10. Nf3 Qc7 11. O-O Nce7 12. Ng5 h6 13. Nh3 c4 14. Be2 Bd7 15.
g4 f5 16. g5 Be8 17. gxh6 Nf4 18. Qf3 Nxh3+ 19. Qxh3 g6 20. Bg5 Kh7 21. Qe3 Ng8
22. h4 Qf7 23. Qf4 Ba4 24. Rac1 Rfc8 25. Kh2 Be8 26. Rg1 Qf8 27. h5 gxh5 28.
Bf6 Rc7 29. Bg7 Qxa3 30. Rg3 Qe7 31. Rcg1 a5 32. Bf6 Nxf6 33. Rg7+ Qxg7 34.
Rxg7+ Rxg7 35. hxg7 Ng4+ 36. Bxg4 hxg4 37. g8=Q+ Kxg8 38. Qg5+ Kf8 39. Qh6+ Ke7
40. Qg7+ Bf7 41. Qf6+ Kf8 42. Kg3 Ra6 43. Qd8+ Be8 44. Qc8 Rc6 45. Qxb7 a4 46.
Qb4+ Kg7 47. Qxa4 Rc7 48. Qxe8 1-0

[Event "VII Memorial Alvise Zichichi"]
[Site "Ladispoli ITA"]
[Date "2009.09.19"]
[Round "2"]
[White "Piccolo, Giuseppe"]
[Black "Placchetta, Omero"]
[Result "1-0"]
[WhiteElo "1675"]
[BlackElo "1719"]
[PlyCount "73"]
[EventDate "2009.09.19"]

1. e4 e5 2. d4 exd4 3. c3 Qe7 4. Qxd4 Nc6 5. Qe3 d6 6. Nf3 h6 7. Nd4 Nxd4 8.
cxd4 Nf6 9. Nc3 a6 10. Bd3 c6 11. O-O Ng4 12. Qe2 Qh4 13. Bf4 Be7 14. Bg3 Qh5
15. h3 Nf6 16. Qe3 Nh7 17. e5 Bg5 18. f4 d5 19. Bxh7 Rxh7 20. fxg5 hxg5 21. Qf3
g4 22. hxg4 Bxg4 23. Qf4 g5 24. Qe3 O-O-O 25. Kf2 f5 26. exf6 Re8 27. Rh1 Qg6
28. Be5 Qf5+ 29. Kg3 Bh5 30. Qf2 Qd3+ 31. Kh2 Reh8 32. Kg1 Bg4 33. Rxh7 Qxh7
34. Kf1 Qd3+ 35. Kg1 Qh7 36. Qg3 Qh5 37. Re1 1-0

[Event "VII Memorial Alvise Zichichi"]
[Site "Ladispoli ITA"]
[Date "2009.09.19"]
[Round "2"]
[White "Quimi, Marco"]
[Black "Parrini, Daniele"]
[Result "0-1"]
[WhiteElo "2227"]
[BlackElo "2022"]
[PlyCount "95"]
[EventDate "2009.09.19"]

1. e4 c5 2. Nf3 g6 3. d4 cxd4 4. Nxd4 Nc6 5. Nc3 Bg7 6. Be3 Nf6 7. Bc4 O-O 8.
Bb3 d6 9. f3 Bd7 10. Qd2 Nxd4 11. Bxd4 b5 12. h4 a5 13. a4 bxa4 14. Nxa4 e5 15.
Be3 Be6 16. Nb6 Rb8 17. Qxa5 Bxb3 18. cxb3 d5 19. exd5 e4 20. O-O exf3 21. Rxf3
Ng4 22. Nc4 Qxh4 23. Rh3 Qf6 24. Rf1 Qd8 25. Qxd8 Rfxd8 26. Rd1 Nf6 27. Bf4 Rb5
28. d6 Nd5 29. Bg5 f6 30. Bc1 Bf8 31. Rhd3 Nb4 32. Rf3 Rd5 33. Rxd5 Nxd5 34.
Bf4 Nxf4 35. Rxf4 Bxd6 36. Rxf6 Bc5+ 37. Kf1 Rd1+ 38. Ke2 Rg1 39. Rc6 Rxg2+ 40.
Kf3 Rg5 41. Rc7 h5 42. Rb7 h4 43. Kf4 h3 44. Kxg5 h2 45. Kxg6 h1=Q 46. Rg7+ Kf8
47. Rc7 Qe4+ 48. Kg5 0-1

[Event "VII Memorial Alvise Zichichi"]
[Site "Ladispoli ITA"]
[Date "2009.09.19"]
[Round "2"]
[White "Renzi, Marco"]
[Black "Vuelban, Virgilio"]
[Result "0-1"]
[WhiteElo "1994"]
[BlackElo "2405"]
[PlyCount "110"]
[EventDate "2009.09.19"]

1. e4 c5 2. Nf3 Nc6 3. d4 cxd4 4. Nxd4 Nf6 5. Nc3 d6 6. h3 e5 7. Nb3 Be7 8. f4
O-O 9. Be3 a5 10. a4 exf4 11. Bxf4 Be6 12. Nd4 Nxd4 13. Qxd4 Nh5 14. g3 Nxf4
15. gxf4 Bf6 16. Qd3 Bh4+ 17. Kd2 Rc8 18. Nd5 Bxd5 19. Qxd5 Qf6 20. c3 Qxf4+
21. Kc2 Rc5 22. Qd3 Bf6 23. Be2 Rfc8 24. Raf1 Qe5 25. Rf3 Qe8 26. Kb3 Qe6+ 27.
Ka3 d5 28. Re3 Be7 29. Bg4 Rxc3+ 30. Ka2 Rxd3 31. Bxe6 Rxe3 32. Bxc8 Rxe4 33.
b3 b6 34. Rd1 d4 35. Bf5 Re2+ 36. Kb1 Bc5 37. Bd3 Re3 38. Bc4 g6 39. Rf1 Re7
40. h4 Kg7 41. h5 f5 42. Kc2 Kf6 43. Kd1 g5 44. Bd3 Re5 45. Rf3 g4 46. Rf1 h6
47. Bc2 Kg5 48. Rh1 f4 49. Bg6 f3 50. Bd3 Kf4 51. Bb5 g3 52. Rh4+ Ke3 53. Rh1
g2 54. Re1+ Kf4 55. Rg1 Re3 0-1

[Event "VII Memorial Alvise Zichichi"]
[Site "Ladispoli ITA"]
[Date "2009.09.19"]
[Round "2"]
[White "Trebeschi, Andrea"]
[Black "Elia, Alessio"]
[Result "1-0"]
[WhiteElo "2042"]
[BlackElo "1850"]
[PlyCount "77"]
[EventDate "2009.09.19"]

1. e4 d6 2. Nf3 Nf6 3. d3 g6 4. g3 Bg7 5. Bg2 O-O 6. O-O e5 7. h3 h6 8. c3 Nc6
9. b4 Ne7 10. Bb2 c6 11. Nbd2 Qc7 12. Qc2 Be6 13. d4 Nd7 14. dxe5 dxe5 15. c4
a5 16. a3 Ra7 17. c5 b6 18. cxb6 Qxb6 19. Nc4 Bxc4 20. Qxc4 c5 21. b5 a4 22.
Bc3 Rb8 23. Rab1 Nc8 24. Rfd1 Nd6 25. Qd5 Nxb5 26. Nxe5 Nf6 27. Qc4 Rab7 28.
Ba1 Qa7 29. Qa2 Nd4 30. Rxb7 Rxb7 31. Nxg6 Rb3 32. Nh4 Nb5 33. Nf5 Ne8 34. Rd8
Bc3 35. Rxe8+ Kh7 36. Bxc3 Nxc3 37. Qd2 Qa6 38. Re7 Qg6 39. Nxh6 1-0

[Event "VII Memorial Alvise Zichichi"]
[Site "Ladispoli ITA"]
[Date "2009.09.20"]
[Round "3"]
[White "Arabito, Giuseppe"]
[Black "Gasperoni, Claudio"]
[Result "1-0"]
[WhiteElo "1904"]
[BlackElo "1770"]
[PlyCount "97"]
[EventDate "2009.09.19"]

1. e4 e5 2. Nf3 Nc6 3. d4 exd4 4. Nxd4 Bc5 5. Be3 Qf6 6. c3 Nge7 7. Bc4 Qg6 8.
O-O Qxe4 9. Nd2 Qg6 10. Nb5 Bd6 11. Nf3 Ne5 12. Nxd6+ cxd6 13. Bb3 O-O 14. Nd4
b6 15. Bc2 Qf6 16. Qh5 g6 17. Qg5 Qxg5 18. Bxg5 f6 19. Bh6 Re8 20. Nb5 Ba6 21.
Nc7 Bxf1 22. Rxf1 Nf7 23. Bc1 Nc6 24. Nxa8 Rxa8 25. Rd1 Re8 26. Kf1 Kg7 27. Ba4
Re4 28. Bb3 Nce5 29. f3 Rh4 30. Kg1 g5 31. Be3 Rh6 32. f4 gxf4 33. Bxf4 Rg6 34.
Bxf7 Kxf7 35. Rxd6 Ke7 36. Rd1 Rg4 37. g3 h5 38. Kg2 d6 39. b3 Kd7 40. c4 Kc6
41. Rd5 Kd7 42. Kf2 Ke6 43. Ke3 Rg7 44. h3 Rg6 45. a4 Kd7 46. a5 Kc6 47. axb6
axb6 48. Ke4 Rg7 49. Kf5 1-0

[Event "VII Memorial Alvise Zichichi"]
[Site "Ladispoli ITA"]
[Date "2009.09.20"]
[Round "3"]
[White "Caprio, Guido"]
[Black "Palermo, Stefano"]
[Result "1-0"]
[WhiteElo "2184"]
[BlackElo "2060"]
[PlyCount "101"]
[EventDate "2009.09.19"]

1. e4 c5 2. Nf3 d6 3. d4 cxd4 4. Nxd4 Nf6 5. Nc3 a6 6. Be3 e5 7. Nf3 Be6 8. Ng5
Nc6 9. Nxe6 fxe6 10. Bc4 Qd7 11. Na4 d5 12. Nb6 Qd6 13. exd5 Rd8 14. dxc6 Qb4+
15. c3 Rxd1+ 16. Rxd1 Qe7 17. Nd7 bxc6 18. Bc5 Qxd7 19. Rxd7 Kxd7 20. Bxf8 Rxf8
21. Bxa6 Ne4 22. Bd3 Nc5 23. Bc2 e4 24. O-O Kd6 25. Rd1+ Ke5 26. b4 Nd3 27. Rd2
Ra8 28. a4 c5 29. Re2 Kd5 30. Bb3+ c4 31. Bd1 Nf4 32. Rd2+ Ke5 33. Rd4 Rc8 34.
a5 Nd5 35. f4+ Kxf4 36. Be2 Nxc3 37. Bf1 Nd5 38. Rxc4 Rxc4 39. Bxc4 Nxb4 40.
Bb5 Nd5 41. a6 h5 42. a7 Nc7 43. Bc6 g5 44. Kf2 e3+ 45. Ke2 h4 46. a8=Q Nxa8
47. Bxa8 g4 48. Bc6 Ke5 49. Kxe3 Kf5 50. Be4+ Ke5 51. g3 1-0

[Event "VII Memorial Alvise Zichichi"]
[Site "Ladispoli ITA"]
[Date "2009.09.20"]
[Round "3"]
[White "Carnicelli, Valerio"]
[Black "Renzi, Marco"]
[Result "0-1"]
[WhiteElo "1751"]
[BlackElo "1994"]
[PlyCount "42"]
[EventDate "2009.09.19"]

1. e4 e5 2. Nf3 Nc6 3. Bc4 Nf6 4. Ng5 d5 5. exd5 Nxd5 6. Nxf7 Kxf7 7. Qf3+ Ke6
8. Nc3 Nce7 9. d4 c6 10. dxe5 h6 11. Bf4 Qa5 12. O-O Qc5 13. Bb3 g5 14. Be3 Qa5
15. Qf6+ Kd7 16. Qxh8 Ke8 17. Ne4 Be6 18. Bxd5 Nxd5 19. c4 Ne7 20. Nf6+ Kf7 21.
Qg8+ Nxg8 0-1

[Event "VII Memorial Alvise Zichichi"]
[Site "Ladispoli ITA"]
[Date "2009.09.20"]
[Round "3"]
[White "Elia, Alessio"]
[Black "Piccolo, Giuseppe"]
[Result "1-0"]
[WhiteElo "1850"]
[BlackElo "1675"]
[PlyCount "51"]
[EventDate "2009.09.19"]

1. d4 e5 2. dxe5 Nc6 3. Nf3 Qe7 4. Qd5 f6 5. exf6 Nxf6 6. Qb3 b6 7. Bf4 d6 8.
e3 Bb7 9. Be2 O-O-O 10. Qa4 Kb8 11. Nc3 h6 12. Bb5 Ne5 13. Bxe5 dxe5 14. Bc6
Qc5 15. Bxb7 Kxb7 16. O-O g5 17. Ne4 Qe7 18. Nxf6 Qxf6 19. Qe4+ Kb8 20. Nxe5
Rd6 21. Rfd1 Qe7 22. Nc6+ Rxc6 23. Qxc6 Bg7 24. Rd7 Qe5 25. Rad1 Bf6 26. R1d5
1-0

[Event "VII Memorial Alvise Zichichi"]
[Site "Ladispoli ITA"]
[Date "2009.09.20"]
[Round "3"]
[White "Gerlando, Onofrio"]
[Black "Attanasi, Salvatore"]
[Result "0-1"]
[WhiteElo "1627"]
[BlackElo "1822"]
[PlyCount "162"]
[EventDate "2009.09.19"]

1. d4 d5 2. Nf3 Nf6 3. Bf4 c6 4. h3 h6 5. Nbd2 Bf5 6. e3 e6 7. a3 Nbd7 8. b4
Be7 9. Be2 O-O 10. c4 Ne4 11. O-O Nc3 12. Qe1 Nxe2+ 13. Qxe2 Re8 14. c5 Nf6 15.
Ra2 Ne4 16. Rc1 Nxd2 17. Rxd2 Be4 18. Ne1 Bf6 19. Rc3 Qd7 20. Qg4 Kh8 21. Be5
Bxe5 22. dxe5 Qe7 23. f3 Bg6 24. h4 Rad8 25. Rb3 Rd7 26. h5 Bh7 27. f4 Be4 28.
Rdb2 f6 29. exf6 gxf6 30. Qe2 Rg8 31. b5 Qxc5 32. bxc6 bxc6 33. Rb8 Rdg7 34.
Kf1 f5 35. R2b3 Qc1 36. Kf2 Kh7 37. R8b7 d4 38. exd4 Qxf4+ 39. Nf3 Qg3+ 40. Kf1
Bxf3 41. Rxf3 Qd6 42. Rxg7+ Rxg7 43. Qe5 Qxe5 44. dxe5 c5 45. Rc3 Rc7 46. Ke2
Kg8 47. Rg3+ Kh7 48. Kd2 c4 49. Kc3 Rc5 50. Kd4 Rd5+ 51. Kxc4 Rxe5 52. Kd4 Ra5
53. Kc4 e5 54. Kb4 Rd5 55. a4 e4 56. Rg6 Re5 57. Kc3 e3 58. Kd4 Re7 59. Rc6 e2
60. Rc1 e1=Q 61. Rxe1 Rxe1 62. Kc5 Rg1 63. Kb5 Rxg2 64. Ka6 Ra2 65. Kxa7 Rxa4+
66. Kb6 Rc4 67. Kb5 Rc1 68. Kb4 Kg7 69. Kb3 Kf6 70. Kb2 Rc8 71. Kb3 Ke5 72. Kb4
Kd5 73. Kb3 Kd4 74. Kb4 Rb8+ 75. Ka5 Kc4 76. Ka6 Kc5 77. Ka7 Rb1 78. Ka6 Rb2
79. Ka7 Kc6 80. Ka8 Kc7 81. Ka7 Ra2# 0-1